000 00827nam a2200217Ii 4500
003 JO-AjNU
008 230605s9999||||xx |||||||||||||| ||und||
017 _a919/9/1994
040 _aJO-AjNU
_bara
_erda
_cJO-AjNU
041 _aara
050 1 4 _aHD37.1994
100 3 _aتاليف دره، عبد الباري وآخرون، م.مشارك موسى المدهون، م.مشارك ابراهيم الجزراوي,
_eauthor
_964136
245 0 0 _aالإدارة الحديثة: المفاهيم والعمليات منهج علمي تحليلي
250 _aط1
264 3 1 _aعمان: المركز العربي للخدمات الطلابية، 1994
300 _a562ص
336 _atext
_btxt
_2rdacontent
337 _aunmediated
_bn
_2rdamedia
338 _avolume
_bnc
_2rdacarrier
650 4 _aالادارة
_964137
999 _aA29129
_c32697
_d32697